000 00586nam a2200229Ia 4500
003 OSt
005 20220924152632.0
006 a|||||r|||| 00| 0
007 ta
008 220923b |||||||| |||| 00| 0 mar d
024 _a343483
037 _cTextual
040 _aARTS
_cARTS
_bmar
041 _2mar
_amar
082 _aY5927:1:7.2, 155K0
100 _aKharat Shankar
_9227137
245 0 _aAsprushyancha mukhsangram
260 _c1960
650 _aSOCIOLOGY
942 _hY5927:1:7.2, 155K0
_cTEXL
_2CC
999 _c470503
_d470503